Loading...
| History - European | 0 | 6 | 2 | 2 | 50 | 59 | 107.50 | 0 | 2 | 0.00 | 0.00 |
| History - World | 0 | 6 | 2 | 0 | 50 | 76 | 102.33 | 0 | 2 | 0.00 | 0.00 |
| Social Science | 0 | 5 | 1 | 0 | 45 | 91 | 104.60 | 1 | 1 | 0.00 | 0.00 |
| Religion | 0 | 5 | 1 | 0 | 45 | 94 | 108.00 | 1 | 2 | 0.00 | 0.00 |
| Current Events | 0 | 4 | 2 | 0 | 30 | 59 | 89.00 | 0 | 2 | 0.00 | 0.00 |
| History - Other | 0 | 4 | 2 | 0 | 30 | 72 | 108.00 | 1 | 2 | 0.00 | 0.00 |
| Geography | 0 | 3 | 1 | 0 | 25 | 30 | 100.67 | 1 | 1 | 0.00 | 0.00 |
| History - American | 0 | 4 | 4 | 1 | 20 | 82 | 109.75 | 0 | 1 | 0.00 | 0.00 |
| Science - Chemistry | 0 | 2 | 1 | 1 | 15 | 101 | 118.00 | 0 | 0 | 0.00 | 0.00 |
| Literature - World | 0 | 1 | 0 | 0 | 10 | 114 | 114.00 | 0 | 0 | 0.00 | 0.00 |
| Mythology | 0 | 1 | 0 | 0 | 10 | 71 | 71.00 | 1 | 1 | 0.00 | 0.00 |
| Other Academic | 0 | 1 | 0 | 0 | 10 | 94 | 94.00 | 0 | 0 | 0.00 | 0.00 |
| Fine Arts - Other | 0 | 1 | 0 | 0 | 10 | 140 | 140.00 | 0 | 0 | 0.00 | 0.00 |
| Fine Arts - Classical Music | 0 | 1 | 0 | 1 | 10 | 136 | 136.00 | 0 | 0 | 0.00 | 0.00 |
| Science - Biology | 0 | 1 | 1 | 1 | 5 | 134 | 134.00 | 0 | 0 | 0.00 | 0.00 |
| Science - Other | 0 | 1 | 1 | 1 | 5 | 128 | 128.00 | 0 | 0 | 0.00 | 0.00 |
| Science - Physics | 0 | 0 | 1 | 0 | -5 | 0.00 | 0 | 0 | 0.00 | 0.00 | |
| Fine Arts - Painting & Sculpture | 0 | 0 | 1 | 0 | -5 | 0.00 | 0 | 0 | 0.00 | 0.00 |